| 000 | 00693nam a2200229Ia 4500 | ||
|---|---|---|---|
| 008 | 160803s9999 xx 000 0 und d | ||
| 020 | _a9780516045375 | ||
| 100 | _aVenezia, Mike | ||
| 245 | _aPeter Tchaikovsky / | ||
| 245 | _cwritten and illustrated by Mike Venezia ; consultants, Donald Freund, Amelia S. Kaplan. | ||
| 260 | _aNew York : | ||
| 260 | _bScholastic Inc. | ||
| 260 | _c1994 | ||
| 300 | _a32 pages : | ||
| 300 | _billustrations (some color) ; | ||
| 300 | _c25 cm. | ||
| 650 | _aComposers -- Russia -- Biography -- | ||
| 650 | _aTchaikovsky, Peter Ilich, -- 1840-1893 -- | ||
| 650 | _xJuvenile literature. | ||
| 650 | _xJuvenile literature. | ||
| 700 | _a970 | ||
| 999 |
_c298839 _d298839 |
||